[Event "Bamberg-Open 2019"]
[Site "Bamberg"]
[Date "2019.05.29"]
[Round "1.10"]
[White "Gegenfurtner, Juergen"]
[Black "Gass, Ulrich"]
[Result "1-0"]
[WhiteElo "2323"]
[BlackElo "2029"]
[Annotator "TA"]
[PlyCount "113"]
[EventDate "2019.05.12"]
[EventType "swiss"]
[EventCountry "GER"]
[SourceTitle "playchess.com"]
[Source "ChessBase"]
[SourceQuality "1"]

{[%evp 13,113,0,0,-22,-31,-55,-50,-31,0,-13,-9,-5,-8,-11,0,-20,-13,-14,-10,-22,0,0,0,6,50,36,49,59,95,92,112,97,108,75,97,75,124,47,91,6,21,15,23,20,28,24,17,23,20,20,20,21,28,35,25,11,48,42,122,119,108,116,122,67,122,62,98,30,61,0,87,37,79,58,74,60,95,15,156,156,133,143,126,139,119,0,0,30,162,140,188,155,308,296,295,298,292,242,250,137,669,662]} 1. e4 g6 2. d4 Bg7 3. Nc3 a6 4. Nf3 d6 5. Be3 Nf6 6. h3 b5 7. Bd3 Bb7 8. a3 {B06: Modern Defence} O-O 9. O-O Nbd7 10. Re1 {Black is slightly better.} e6 (10... e5 11. dxe5 dxe5 12. Qe2 Qe7 13. Nd2 Rfd8 14. a4 b4 15. Na2 a5 {½-½ (44) Muzychuk,A (2583)-Lagno,K (2545) Batumi 2012}) 11. Qd2 c5 12. Bh6 $146 ({Predecessor:} 12. Bg5 cxd4 13. Nxd4 Qb6 14. Be3 Qc7 15. Rad1 {0-1 (43) Calero,H (1966)-Valderrama Quiceno,E (2447) Palmira 2019}) 12... cxd4 13. Nxd4 Qb6 {And now ...Bxh6 would win.} 14. Bxg7 Kxg7 15. Qe3 Rac8 16. a4 {[%cal Ra4b5]} (16. f3 {is interesting.} Nc5 17. Nb3 Nfd7 18. Rad1 Rfd8 19. Nxc5 dxc5 20. Be2) 16... e5 (16... b4 {keeps more tension.} 17. a5 Qc5 18. Na2 Ne5 19. Nc1 d5) 17. Nb3 $1 Qxe3 18. Rxe3 b4 19. Na2 Nc5 20. Nxb4 Nxb3 21. cxb3 a5 22. Na2 $1 d5 23. exd5 Bxd5 24. Nc3 Rfd8 25. Bc2 (25. b4 $16) 25... Be6 26. Rc1 (26. Rxe5 $16 Rd2 27. Rc1) 26... Nd7 27. Rd1 Kf8 28. Rd6 Ke7 29. Ra6 Ra8 $1 {[%cal Ra8a6]} 30. Rxa8 Rxa8 31. Nb5 $36 {[%mdl 2048] White is more active.} Rc8 32. Rc3 Nc5 33. Kf1 f5 34. h4 Bd7 35. Na3 Ke6 (35... Be6 $14) 36. Nc4 Nb7 37. Ke1 Rc5 38. h5 (38. Kd2 $16) 38... Bc6 (38... e4 $14) 39. g4 (39. hxg6 $16 hxg6 40. f3) 39... e4 $14 40. Bd1 (40. hxg6 $16 hxg6 41. Ke2) 40... f4 $11 41. Kd2 ({White should try} 41. h6 $14) 41... Be8 (41... gxh5 $11 42. Rh3 Rd5+ 43. Ke1 Nd6) 42. hxg6 Bxg6 {[#]} 43. Nb6 $1 Kd6 44. Be2 Rg5 45. Nc8+ (45. Rc8 $16) 45... Ke6 (45... Kd7 $1 $11) 46. Rc6+ $16 Kd7 47. Bb5 Kd8 48. Nb6 {Threatens to win with Rc8+.} Nc5 49. Kc3 ({White should play} 49. Bc4 $16) 49... e3 $1 $11 {[%cal Re3f2]} 50. fxe3 fxe3 (50... f3 $11) 51. Bc4 $18 Ne4+ 52. Kd4 Nf2 $2 (52... Rxg4 $16 53. Kxe3 Ng5 54. Rc8+ Ke7 55. Nd5+ Kd6) 53. Kxe3 Nxg4+ 54. Kf4 h6 55. Nd5 Ne5 {[#]} 56. Rd6+ (56. Ra6 $1 $18) 56... Ke8 $2 {[%mdl 8192]} (56... Kc8 $16 57. Ra6 Kb8 58. Rxa5 Bd3) 57. Re6+ {[%mdl 64] Double Attack. Accuracy: White = 47%, Black = 34%.} 1-0

[Event "Bamberg-Open 2019"]
[Site "Bamberg"]
[Date "2019.05.29"]
[Round "1.11"]
[White "Mooser, Nicolas"]
[Black "Troyke, Christian"]
[Result "0-1"]
[WhiteElo "2026"]
[BlackElo "2328"]
[Annotator "TA"]
[PlyCount "74"]
[EventDate "2019.05.12"]
[EventType "swiss"]
[EventCountry "GER"]
[SourceTitle "playchess.com"]
[Source "ChessBase"]
[SourceQuality "1"]

{[%evp 18,74,71,28,87,89,91,32,39,31,43,21,55,18,21,10,9,0,12,-16,-18,-31,-26,-68,-74,-238,-240,-272,-247,-455,-379,-401,-400,-402,-396,-400,-400,-397,-393,-397,-402,-412,-404,-397,-381,-508,-502,-525,-527,-522,-514,-494,-494,-517,-351,-568,-566,-602,-581]} 1. d4 g6 2. c4 Bg7 3. Nf3 Nf6 4. g3 O-O 5. Bg2 d6 6. O-O Nbd7 7. Nc3 e5 8. e4 c6 9. h3 Ne8 10. Bg5 f6 {E69: King's Indian: Fianchetto: 6...Nbd7 7 0-0 e5 8 e4 c6 9 h3} (10... Qb6 $11) 11. Be3 $16 f5 12. dxe5 ({White should try} 12. exf5 $16 gxf5 13. Qd2) 12... dxe5 $14 {White is slightly better.} 13. exf5 gxf5 14. Qd2 Qf6 15. Bg5 Qf7 16. b3 Nc7 17. Rad1 {[#]} Ne6 $146 {[#] ...e4 is the strong threat.} ({Predecessor:} 17... Qh5 18. Be7 {0-1 (35) Banduka,Z (2133)-Stojanovic,D (2503) Sarajevo 2011}) 18. Bh4 h6 19. Rfe1 e4 20. Nh2 Ne5 $1 21. Re3 $2 (21. Ne2 $17) 21... Ng6 $19 22. Rde1 Bd4 23. R3e2 $2 (23. Kh1) 23... Nxh4 24. gxh4 Qf6 25. Nxe4 fxe4 26. Ng4 Qf4 27. Qxf4 Nxf4 (27... Rxf4 $2 28. Rxe4 Rxe4 29. Rxe4 $19) 28. Rxe4 Bxg4 29. hxg4 Nxg2 30. Kxg2 Rxf2+ 31. Kg3 Raf8 {[%csl Gf2][%cal Rf8f3] [#]} 32. g5 h5 {[%csl Gf2][%cal Rf8f3]} 33. Re8 R2f3+ 34. Kg2 R3f4 35. R1e4 {Strongly threatening Rxf8+.} c5 36. Rxf4 $2 (36. Rxf8+ Rxf8 37. Re7) 36... Rxe8 37. b4 Re2+ {Accuracy: White = 31%, Black = 81%.} 0-1

[Event "Bamberg-Open 2019"]
[Site "Bamberg"]
[Date "2019.05.29"]
[Round "1.12"]
[White "Promyshlyanskiy, Vitaliy"]
[Black "Wortmann, Klaus Peter"]
[Result "1/2-1/2"]
[WhiteElo "2282"]
[BlackElo "2025"]
[Annotator "TA"]
[PlyCount "142"]
[EventDate "2019.05.12"]
[EventType "swiss"]
[EventCountry "GER"]
[SourceTitle "playchess.com"]
[Source "ChessBase"]
[SourceQuality "1"]

{[%evp 9,142,47,57,50,75,26,32,27,32,36,33,36,29,35,16,0,104,108,111,111,135,130,116,129,151,157,147,154,148,106,191,80,115,91,82,82,81,33,32,33,43,27,34,25,22,27,40,29,22,22,38,36,59,51,83,47,35,44,86,85,99,81,64,73,50,34,37,42,67,39,41,39,60,73,110,61,123,123,139,112,108,97,93,91,97,94,85,33,122,125,160,160,160,160,328,302,263,300,411,410,736,733,641,636,749,1095,1276,942,1185,1075,983,860,5506,4156,1955,8,8,0,0,0,0,0,0,0,0,-8,0,0,0,0,0,0,0,0,0]} 1. e4 d5 2. exd5 Qxd5 3. Nc3 Qd6 4. d4 Nf6 5. Nf3 c6 6. h3 {B01: Scandinavian Defence} (6. g3 Bf5 7. Bg2 h6 8. O-O e6 9. Na4 Nbd7 10. Bf4 Qe7 11. c4 g5 12. Be3 Bg7 13. Qb3 Rb8 {1-0 (88) Grandelius,N (2655)-Andreikin,D (2723) Porto Carras 2018}) 6... g6 7. Ne5 Nbd7 8. Nc4 {White is slightly better.} Qc7 9. Qf3 Bg7 $146 ({Predecessor:} 9... Nb6 10. Bf4 Qd8 11. d5 Nbxd5 12. O-O-O Be6 13. g4 Bg7 {0-1 (32) Jonsson,G (2100)-Stefansson,V (2270) Reykjavik 2018}) 10. Bf4 Qd8 11. O-O-O Nb6 12. Nxb6 Qxb6 (12... axb6 $11 {keeps the balance.} 13. d5 Bd7) 13. Bc4 $36 {[%mdl 2048] White has strong initiative.} O-O 14. Rhe1 e6 15. Bd6 Re8 16. Be5 Nd7 17. Bxg7 Kxg7 18. g4 Qd8 19. Qe3 b5 {[#]} (19... Nb6 $16 {was worth a try.}) 20. Bf1 (20. d5 $1 $18 {[%cal Rd5c6][%mdl 512]} bxc4 (20... cxd5 21. Bxd5) 21. dxc6) 20... Bb7 21. Bg2 Qc7 22. Ne4 Rad8 23. g5 c5 $1 24. dxc5 {Hoping for Nd6.} Bxe4 $1 25. Qxe4 {b4 is the strong threat.} Qxc5 26. Qd4+ Qxd4 27. Rxd4 Nb6 28. Rxd8 Rxd8 $14 {[%mdl 4096] Endgame KRB-KRN} 29. Re5 a6 30. Rc5 Rd6 31. c3 h6 32. h4 hxg5 33. hxg5 Kf8 {[#]} 34. Bb7 $1 Nd7 35. Rc8+ Ke7 36. Kc2 Rb6 37. Bg2 Ne5 38. Rc7+ Ke8 39. f4 Nc4 {aiming for ...Ne3+.} 40. Rc6 {Strongly threatening b3.} Rb8 {And now ...Ne3+ would win.} 41. Be4 Nb6 42. Rc7 Nc4 ({Better is} 42... Rd8 $14) 43. b3 $16 Ne3+ 44. Kd2 Nf1+ 45. Ke1 Ng3 46. Bc6+ Kf8 47. Kf2 Nf5 48. Be4 (48. Ra7 $16) 48... Ne7 {[#]} (48... Kg7 $14) 49. Ra7 $1 Rc8 50. Ra8 Rxa8 51. Bxa8 {KB-KN} a5 $2 (51... Nf5 $16) 52. Ke3 $18 Nf5+ 53. Kd3 Ke7 54. Bc6 b4 (54... Kd6 $142) 55. cxb4 axb4 56. Kc4 Kd6 57. Ba8 Ng3 58. Kxb4 Nh5 59. a4 Nxf4 60. a5 e5 61. a6 Kc7 62. Kc5 $2 (62. Ka5 $18 Ne6 63. a7) 62... Ne6+ $11 {The position is equal.} 63. Kd5 Kb6 64. Kxe5 {Black must now prevent Kf6.} Nxg5 65. Kf6 Ne6 66. Bb7 Nc5 67. Kxf7 (67. Bd5 {is more complex.} Kxa6 68. Bxf7 Kb5 69. Bd5 Kb4 70. Kxg6 Nxb3 71. Bxb3 Kxb3 72. Kg7) 67... Nxb3 68. Kxg6 Nc5 69. Kf5 Nxb7 70. axb7 Kc7 71. b8=R Kxb8 {Accuracy: White = 62%, Black = 46%.} 1/2-1/2

[Event "Bamberg-Open 2019"]
[Site "Bamberg"]
[Date "2019.05.29"]
[Round "1.13"]
[White "Miettinen, Teemu"]
[Black "Spitzl, Vinzent"]
[Result "0-1"]
[WhiteElo "2017"]
[BlackElo "2263"]
[Annotator "ChessBase"]
[PlyCount "74"]
[EventDate "2019.05.12"]
[EventType "swiss"]
[EventCountry "GER"]
[SourceTitle "playchess.com"]
[Source "ChessBase"]
[SourceQuality "1"]
[TimeControl "40/5400+30:900+30"]

1. e4 {[%emt 0:00:00]} c5 {[%emt 0:00:03]} 2. Nf3 {[%emt 0:00:05]} d6 {[%emt 0:00:08]} 3. d4 {[%emt 0:00:27]} cxd4 {[%emt 0:00:06]} 4. Nxd4 {[%emt 0:00:22]} Nf6 {[%emt 0:00:06]} 5. Nc3 {[%emt 0:00:16]} a6 {[%emt 0:00:00]} 6. Be2 {[%emt 0:03:46]} e5 {[%emt 0:00:26]} 7. Nf3 {[%emt 0:00:07]} h6 {[%emt 0:01:12]} 8. O-O {[%emt 0:01:12]} Be6 {[%emt 0:01:34]} 9. b3 {[%emt 0:03:57]} Nc6 {[%emt 0:02:56]} 10. Bb2 {[%emt 0:04:09]} Be7 {[%emt 0:01:01]} 11. Re1 {[%emt 0:02:29]} O-O {[%emt 0:04:53]} 12. h3 {[%emt 0:01:55]} Rc8 {[%emt 0:04:36]} 13. Bf1 {[%emt 0:02:58]} Qa5 {[%emt 0:05:43]} 14. a3 {[%emt 0:05:17]} Nb8 {[%emt 0:00:32]} 15. b4 {[%emt 0:02:22]} Qc7 {[%emt 0:00:15]} 16. Rc1 {[%emt 0:01:36]} Qc6 {[%emt 0:06:53]} 17. b5 {[%emt 0:08:24]} axb5 {[%emt 0:05:03]} 18. Bxb5 {[%emt 0:09:31]} Qc5 {[%emt 0:03:15]} 19. Qe2 {[%emt 0:08:56]} Nbd7 {[%emt 0:04:14]} 20. Nd2 {[%emt 0:07:51]} Bd8 {[%emt 0:08:02]} 21. Nb3 {[%emt 0:00:50]} Qc7 {[%emt 0:00:30]} 22. Red1 {[%emt 0:04:55]} Nb6 {[%emt 0:00:41]} 23. Qf3 {[%emt 0:03:30]} Nc4 {[%emt 0:01:38]} 24. Bxc4 {[%emt 0:00:49]} Bxc4 {[%emt 0:01:13]} 25. Nd5 {[%emt 0:02:18]} Nxd5 {[%emt 0:02:06]} 26. exd5 {[%emt 0:00:07]} f5 {[%emt 0:00:52]} 27. Qh5 {[%emt 0:07:10]} Qb6 {[%emt 0:04:46]} 28. Qg6 {[%emt 0:03:04]} Bf6 {[%emt 0:02:51]} 29. Rb1 {[%emt 0:01:15]} Bh4 {[%emt 0:10:34]} 30. Rd2 {[%emt 0:02:33]} Rf6 {[%emt 0:01:16]} 31. Qh5 {[%emt 0:00:08]} Bg5 {[%emt 0:00:07]} 32. Rdd1 {[%emt 0:01:21]} Qa6 {[%emt 0:01:14]} 33. Nc1 {[%emt 0:02:54]} Bxc1 {[%emt 0:03:41]} 34. Rdxc1 {[%emt 0:00:02]} Bxd5 {[%emt 0:00:30]} 35. f4 {[%emt 0:01:07]} Qb6+ {[%emt 0:01:08]} 36. Kh1 {[%emt 0:02:40]} Qf2 {[%emt 0:00:12]} 37. Rg1 {[%emt 0:00:01]} Rxc2 {[%emt 0:00:17]} 0-1

[Event "Bamberg-Open 2019"]
[Site "Bamberg"]
[Date "2019.05.29"]
[Round "1.14"]
[White "Pribyl, Josef"]
[Black "Rempeli, Alex"]
[Result "1/2-1/2"]
[WhiteElo "2239"]
[BlackElo "2016"]
[Annotator "TA"]
[PlyCount "106"]
[EventDate "2019.05.12"]
[EventType "swiss"]
[EventCountry "GER"]
[SourceTitle "playchess.com"]
[Source "ChessBase"]
[SourceQuality "1"]

{[%evp 11,106,22,36,19,25,17,10,6,13,12,18,-13,-12,-17,-14,-6,-8,-4,0,-4,0,-47,-30,-20,-20,-28,0,-53,-61,-55,-54,-66,-64,-101,-77,-85,-44,-50,-54,-52,-51,-49,-3,-6,-3,-16,0,0,8,0,0,0,27,0,0,0,0,-10,-10,-27,-27,-27,-27,-27,-11,-11,-14,-14,0,-10,0,-35,-27,-27,0,0,0,0,0,0,0,0,0,0,0,0,0,0,0,0,0,0,0,0,0,0,0]} 1. d4 e6 2. e4 d5 3. Nd2 c5 4. Ngf3 Nc6 5. exd5 exd5 6. Bb5 Qe7+ 7. Qe2 {C09: French Tarrasch: 3...c5 4 exd5 exd5 5 Ngf3 Nc6} (7. Be2 Qc7 8. O-O Nf6 9. Re1 cxd4 10. Nb3 Bb4 11. Bd2 Bxd2 12. Qxd2 O-O 13. Nfxd4 Bd7 14. Nxc6 bxc6 15. c4 {½-½ (110) Oleksienko,M (2598)-Zvjaginsev,V (2641) Qinhuangdao 2019}) 7... Qxe2+ 8. Kxe2 a6 9. Bxc6+ $1 bxc6 10. Re1 $146 ({Predecessor:} 10. c3 f6 11. dxc5 Bxc5 12. Nb3 Bd6 13. Be3 Rb8 14. Rhe1 Kf7 {0-1 (35) Peycheva,G (1672)-Injac,T (1984) Paracin 2014}) 10... f6 11. Kf1+ Kf7 12. dxc5 Bxc5 13. Nb3 Bd6 14. Be3 Rb8 15. c3 Bg4 16. Nfd4 Ne7 17. h3 Bd7 $36 {[%mdl 2048] Black has some pressure.} 18. Ne2 g5 19. Rad1 (19. Bc5 $11 Be5 20. Ned4) 19... Nf5 $15 20. Bc1 Rhd8 21. Nbd4 Nxd4 22. cxd4 h5 23. b3 Re8 24. Nc3 Rxe1+ 25. Rxe1 Bb4 26. Bd2 Re8 (26... h4 {looks sharper.} 27. Rc1 Bf5 28. Be3 Ba3 29. Rd1 Bc2) 27. Rxe8 Bxe8 $11 {[%mdl 4096] Endgame KBB-KBN} 28. Ke2 Bd6 29. Na4 Bd7 30. Ba5 g4 31. h4 g3 32. Nc5 Bxc5 33. dxc5 gxf2 34. Kxf2 {KB-KB} d4 35. Bd8 Bf5 36. Ke2 Ke6 37. Kd2 Be4 38. g3 Kd5 39. Be7 Ke6 40. Bd6 Kd5 41. a3 Ke6 42. Bf8 Bd5 43. Kd3 {The position is equal.} Bxb3 44. Kxd4 f5 45. Bd6 Bd1 46. Kc4 Be2+ 47. Kb4 Kd5 48. Ka5 Bd3 49. Kb6 Be2 50. a4 Bd3 51. Kc7 Be2 52. a5 Bd3 53. Kd7 Be2 {Accuracy: White = 55%, Black = 61%.} 1/2-1/2

[Event "Bamberg-Open 2019"]
[Site "Bamberg"]
[Date "2019.05.29"]
[Round "1.15"]
[White "Spitzl, Philipp"]
[Black "Weishaeutel, Moritz"]
[Result "0-1"]
[WhiteElo "2013"]
[BlackElo "2252"]
[Annotator "TA"]
[PlyCount "75"]
[EventDate "2019.05.12"]
[EventType "swiss"]
[EventCountry "GER"]
[SourceTitle "playchess.com"]
[Source "ChessBase"]
[SourceQuality "1"]

{[%evp 17,75,-18,0,-16,-18,-54,-52,-59,-46,-63,-67,-76,-46,-46,-25,-35,-39,-31,0,2,2,1,0,-41,-43,-124,-58,-75,-62,-74,-70,-64,-49,-64,-64,-83,-70,-101,-75,-81,-54,-44,-29,-43,0,0,0,-27,-27,-30,-23,-27,-27,-49,-27,-106,-54,-73,-72,-2331]} 1. c4 c5 2. g3 Nc6 3. Bg2 g6 4. Nc3 Bg7 5. Nf3 e6 6. O-O Nge7 7. d3 O-O 8. Bg5 h6 9. Bd2 d5 10. cxd5 {A37: Symmetrical English vs ...g6: 4 Bg2 Bg7 5 Nf3} (10. a3 b6 11. Rb1 a5 12. Qc1 Kh7 13. Rd1 Bb7 14. Na4 e5 15. e3 d4 16. Qc2 dxe3 17. fxe3 Rb8 {½-½ (65) Pantsulaia,L (2595)-Safarli,E (2653) Warsaw 2013}) 10... exd5 11. Rb1 b6 12. a3 {Black is slightly better.} a5 13. Ne1 $146 ({Predecessor:} 13. Na4 Rb8 14. b4 cxb4 15. axb4 b5 16. Nc5 axb4 17. Qc1 Kh7 {0-1 (36) Kilgus,G (2427)-Baumegger,S (2437) Vienna 2012}) 13... Be6 14. Na4 Rb8 15. Nc2 d4 {And now ...Bb3 would win.} 16. b4 $1 axb4 17. axb4 c4 18. dxc4 Bxc4 19. b5 Ne5 20. Na3 {Black must now prevent f4.} Bd5 $36 {[%mdl 2048] Black is more active.} 21. Bb4 (21. Bxd5 $15 Qxd5 22. Bf4) 21... Re8 ({Better is} 21... Bxg2 $17 22. Kxg2 Re8) 22. Bxe7 $1 $15 Rxe7 23. Nc2 Bxg2 24. Kxg2 Qd5+ 25. Kg1 $1 Rd7 26. Ne1 Ra7 27. Rb4 Qd6 (27... Rba8 {is interesting.} 28. Nb2 Ra1 29. Qb3 Qe4 30. Qc2 Qb7) 28. Rb1 Rba8 29. Nb2 $1 Ra2 30. Ned3 Qa3 31. Nxe5 Bxe5 32. Nc4 Qc5 33. Qd3 Bg7 34. Rfc1 Re8 35. Re1 Re6 36. Nd2 (36. Kg2 $11 {remains equal.}) 36... Qc2 (36... Qc3 $17 37. Nf1 {[#]} Rexe2 $1 {[%mdl 512]} 38. Qxe2 Rxe2 39. Rxe2 h5) 37. Nf3 Rxe2 {[%mdl 64] [#] Remove Defender} 38. Rxe2 $4 {[%mdl 8192] Accuracy: White = 44%, Black = 53%.} (38. Qxe2 $17 Qxe2 39. Rxe2 Rxe2 40. Kf1) 0-1

[Event "Bamberg-Open 2019"]
[Site "Bamberg"]
[Date "2019.05.29"]
[Round "1.16"]
[White "Mooser, Stefan"]
[Black "Dehmel, Jens"]
[Result "1/2-1/2"]
[WhiteElo "2215"]
[BlackElo "2006"]
[Annotator "TA"]
[PlyCount "74"]
[EventDate "2019.05.12"]
[EventType "swiss"]
[EventCountry "GER"]
[SourceTitle "playchess.com"]
[Source "ChessBase"]
[SourceQuality "1"]

{[%evp 22,74,0,1,0,0,19,21,10,5,12,16,16,10,3,6,28,13,18,12,12,9,8,6,4,5,9,0,0,-5,-5,-13,-15,-7,0,-12,-13,-27,-16,-13,0,0,0,0,0,0,8,8,8,0,0,0,0,0,0]} 1. d4 d5 2. c4 c6 3. Nc3 Nf6 4. e3 e6 5. Nf3 Nbd7 6. Qc2 b6 7. Bd3 Bb7 8. O-O Be7 9. b3 dxc4 10. Bxc4 c5 11. Qe2 O-O 12. Rd1 Qc7 {D37: Queen's Gambit Declined: 5 Bf4} 13. Bb2 Rad8 14. Rac1 Qb8 15. a3 $146 ({Predecessor:} 15. Ba6 Ba8 16. h3 h6 17. Bc4 Bb7 18. Ba6 {0-1 (30) Ostojic,N (2440)-Laketic,G (2419) Kragujevac 2013}) 15... Qa8 16. dxc5 Nxc5 17. b4 Nce4 18. Nxe4 Nxe4 19. Bd3 Rc8 20. Nd4 Rxc1 21. Rxc1 Rc8 22. Rc2 Nf6 23. Rxc8+ Qxc8 24. e4 a5 25. bxa5 bxa5 26. a4 Qd8 27. Qc2 h6 28. h3 Qb6 29. Bc3 Bc5 30. Nb5 {The position is equal.} Qd8 31. Bxf6 gxf6 32. Qxc5 Qxd3 33. f3 Qd1+ 34. Kh2 {[#] Threatens to win with Nd6.} Qxa4 35. Nd6 {Qc7! is the strong threat.} Qc6 36. Nxb7 Qxb7 37. Qxa5 Qb8+ {Accuracy: White = 49%, Black = 58%.} 1/2-1/2

[Event "Bamberg-Open 2019"]
[Site "Bamberg"]
[Date "2019.05.29"]
[Round "1.17"]
[White "Ziegenfuss, Holger"]
[Black "Stauch, Edgar"]
[Result "0-1"]
[WhiteElo "2006"]
[BlackElo "2207"]
[Annotator "TA"]
[PlyCount "80"]
[EventDate "2019.05.12"]
[EventType "swiss"]
[EventCountry "GER"]
[SourceTitle "playchess.com"]
[Source "ChessBase"]
[SourceQuality "1"]

{[%evp 9,80,5,22,0,0,-19,11,9,15,-19,-28,-31,-14,-96,-96,-96,-103,-108,-98,-100,-93,-89,-101,-112,-111,-118,-109,-125,-120,-166,-153,-237,-222,-302,-214,-283,-280,-349,-270,-424,-352,-441,-422,-743,-732,-737,-724,-739,-727,-724,-604,-722,-713,-713,-727,-789,-853,-940,-922,-802,-796,-788,-786,-758,-781,-762,-751,-1218,-1204,-2307,-2311,-1836,-1768]} 1. e4 e6 2. d4 d5 3. exd5 exd5 4. Nf3 Nc6 5. h3 Bf5 (5... Be6 6. Bd3 Qd7 7. O-O O-O-O 8. Nbd2 f6 9. Nb3 g5 10. Re1 g4 11. Nh4 Kb8 12. Qe2 Bf7 13. Bf5 {1-0 (24) Ivanchuk,V (2704)-Nepomniachtchi,I (2714) Beijing 2014}) 6. Bd3 {C01: French: Exchange Variation} Qd7 7. a3 Bd6 8. Nc3 {The position is equal.} Nge7 9. Ne2 f6 $146 ({Predecessor:} 9... Be4 10. c3 Qf5 11. Bxe4 dxe4 12. Nd2 O-O-O 13. Nf1 {0-1 (73) Ziegenfuss,H (2075)-Jensen,J (2172) Vellmar 2016}) 10. Bxf5 Qxf5 11. Qd3 (11. b3 $11 {remains equal.}) 11... Qxd3 $17 12. cxd3 g5 13. Bd2 h5 14. g3 Kd7 15. O-O-O Rae8 16. Rde1 Nd8 17. Kc2 Ne6 18. Be3 c6 19. h4 {[%cal Rh4g5]} g4 20. Nh2 (20. Nd2 $17) 20... Nf5 $19 21. Nf1 Rh7 22. Kc3 Rhe7 23. b4 {[#]} a5 $1 {[%cal Ba7a5,Ba5a4][%mdl 544]} 24. Nd2 (24. bxa5 $142 Ra8 25. Ra1) 24... a4 25. Rc1 Nc7 {Black is clearly winning.} 26. Nf4 (26. Nf1 $142 Nb5+ 27. Kb2) 26... Nb5+ 27. Kb2 Bxf4 28. Bxf4 Re2 29. Rhf1 Nbxd4 30. Kc3 Nb5+ 31. Kb2 Nfd4 32. Rcd1 Nb3 33. f3 gxf3 34. Rxf3 N5d4 35. Rff1 Nxd2 36. Rxd2 Rxd2+ 37. Bxd2 Re2 38. Rd1 Nb3 39. Kc3 d4+ 40. Kc2 Rh2 {Played: Re2-g2} 0-1